Principaux ministres sous la présidence de Nicolas Sarkozy - Statistiques

Statistiques générales
  • Ce quiz a été pris 270 fois
  • Le résultat moyen est 15 sur 28
Statistiques - réponses
Membres du gouvernement Nom % Correct
Premier ministre François Fillon
99%
Ministre de l'Ecologie, du Développement durable, des Transports et du Logement (du 23 février 2012 au 16 mai 2012) François Fillon
99%
Ministre de la Justice, Garde des Sceaux (du 18 mai 2007 au 23 juin 2009) Rachida Dati
79%
Ministre des Affaires étrangères et européennes (du 27 février 2011 au 10 mai 2012) Alain Juppé
74%
Ministre de la Défense et des Anciens combattants (du 14 novembre 2010 au 27 février 2011) Alain Juppé
74%
Ministre de l'Ecologie, du Développement et de l'Aménagement durables (du 18 mai 2007 au 18 juin 2007) Alain Juppé
74%
Ministre de l'Intérieur, de l'Outre-mer, des Collectivités territoriales et de l'Immigration (du 23 juin 2009 au 27 février 2011) Brice Hortefeux
67%
Ministre du Travail, des Relations sociales, de la Famille, de la Solidarité et de la Ville (du 15 janvier 2009 au 23 juin 2009) Brice Hortefeux
67%
Ministre de la Santé et des Sports (du 18 mai 2007 au 13 novembre 2010) Roselyne Bachelot
65%
Ministre de l'Intérieur, de l'Outre-Mer et des Collectivités territoriales (du 18 mai 2007 au 23 juin 2009) Michèle Alliot-Marie
63%
Ministre de la Justice, Garde des Sceaux (du 23 juin 2009 au 13 novembre 2010) Michèle Alliot-Marie
63%
Ministre des Affaires étrangères et européennes (du 14 novembre 2010 au 27 février 2011) Michèle Alliot-Marie
63%
Ministre du Travail, des Relations sociales et de la Solidarité (du 18 mai 2007 au 15 janvier 2009) Xavier Bertrand
57%
Ministre du Travail, de l'Emploi et de la Santé (du 14 novembre 2010 au 10 mai 2012) Xavier Bertrand
57%
Ministre de l'Intérieur, de l'Outre-mer, des Collectivités territoriales et de l'Immigration (du 27 février 2011 au 10 mai 2012) Claude Guéant
54%
Ministre de l'Economie, des Finances et de l'Industrie (du 29 juin 2011 au 10 mai 2012) François Baroin
48%
Ministre de l'Economie, des Finances et de l'Emploi (du 19 juin 2007 au 29 juin 2011) Christine Lagarde
46%
Ministre des Affaires étrangères et européennes (du 18 mai 2007 au 13 novembre 2010) Bernard Kouchner
44%
Ministre de la Défense (du 18 mai 2007 au 13 novembre 2010) Hervé Morin
43%
Ministre de l'Economie, des Finances et de l'Emploi (du 18 mai 2007 au 19 juin 2007) Jean-Louis Borloo
43%
Ministre de l'Ecologie, de l'Energie, du Développement durable et de la Mer (du 19 juin 2007 au 13 novembre 2010) Jean-Louis Borloo
43%
Ministre de l'Ecologie, du Développement durable, des Transports et du Logement (du 14 novembre 2010 au 22 février 2012) Nathalie Kosciusko-Morizet
39%
Ministre de l'Education nationale, de la Jeunesse et de la Vie associative (du 23 juin 2009 au 16 mai 2012) Luc Chatel
33%
Ministre de l'Education nationale (du 18 mai 2007 au 23 juin 2009) Xavier Darcos
30%
Ministre du Travail, des Relations sociales, de la Famille, de la Solidarité et de la Ville (du 23 juin 2009 au 22 mars 2010) Xavier Darcos
30%
Ministre du Travail, de la Solidarité et de la Fonction publique (du 22 mars 2010 au 13 novembre 2010) Eric Woerth
23%
Ministre de la Défense et des Anciens combattants (du 27 février 2011 au 10 mai 2012) Gérard Longuet
15%
Ministre de la Justice, Garde des Sceaux (du 14 novembre 2010 au 10 mai 2012) Michel Mercier
14%
Aucun quiz correspondant
Distribution des résultats
% des personnes avec chaque résultat
Percentile par nombre de réponses
Votre historique - résultats
Vous n’avez pas pris ce quiz